00825nam a22002177a 4500003000500000005001700005008004100022010000900063011000900072035000900081040000900090100002900099245007400128260010000202300001000302490010200312650003000414650002500444700003600469830010200505CHAP20220329133458.0971013s1992 r 00010 d a6863 a7835 a7060 cCHAP00aCavazos Pérez, Tereza. aRegistros climatológicos de la región citrícola de Nuevo León aLinares, N.L. :bUniversidad Autónoma de Nuevo León. Facultad de Ciencias Forestales,c1992 a65 p. aUniversidad Autónoma de Nuevo León. Facultad de Ciencias Forestales. Boletín técnicov; 114aCítricosxNuevo León.14aClimaxNuevo Léon.0 aMolina Guerra, Víctor Manuel.0 aUniversidad Autónoma de Nuevo León. Facultad de Ciencias Forestales. Boletín técnicov; 1